Ensayos de economía monetaria (Registro nro. 4503)
[ vista simple ]
| 000 -LEADER | |
|---|---|
| fixed length control field | 01292 a2200229 4500 |
| 001 - CONTROL NUMBER | |
| control field | 47936 |
| 005 - DATE AND TIME OF LATEST TRANSACTION | |
| control field | 20260407155745.0 |
| 008 - FIXED-LENGTH DATA ELEMENTS--GENERAL INFORMATION | |
| fixed length control field | 260407a1970 arg spa d |
| 003 - CONTROL NUMBER IDENTIFIER | |
| control field | AR-UNSa-BCEJYS |
| 040 ## - CATALOGING SOURCE | |
| Original cataloging agency | AR-UNSa-BCEJYS |
| Language of cataloging | spa |
| Transcribing agency | AR-UNSa-BCEJYS |
| 080 ## - UNIVERSAL DECIMAL CLASSIFICATION NUMBER | |
| Universal Decimal Classification number | 336.74 |
| Common auxiliary subdivision | Moneda. Sistema monetario |
| 100 1# - MAIN ENTRY--PERSONAL NAME | |
| Personal name | Calabuig, Alicia |
| 245 10 - TITLE STATEMENT | |
| Title | Ensayos de economía monetaria |
| 250 ## - EDITION STATEMENT | |
| Edition statement | 2a. ed. |
| 264 #1 - PRODUCTION, PUBLICATION, DISTRIBUTION, MANUFACTURE, AND COPYRIGHT NOTICE | |
| Place of production, publication, distribution, manufacture | Buenos Aires : |
| Name of producer, publisher, distributor, manufacturer | Amorrortu Editores |
| Date of production, publication, distribution, manufacture, or copyright notice | 1970 |
| 300 ## - PHYSICAL DESCRIPTION | |
| Extent | 259 p. |
| Dimensions | 23 cm. |
| 505 ## - FORMATTED CONTENTS NOTE | |
| Formatted contents note | Primera Parte. Teoría Monetaria: 1. Teoría y políticas monetarias - 2. Evolución reciente de la teoría monetaria - 3. Una reseña de las teorías de la inflación - 4. El modelo en un neoclásico de crecimiento de un sector - 5. Notas sobre la teoría de la demanda de dinero para transacciones - Segunda Parte. Problemas monetarios y fiscales de los países en desarrollo: 6. Política fiscal y balanza de pagos en una economía en crecimiento - 7. ¿Es la inflación el precio inevitable del desarrollo acelerado, o se trata de un factor de retardo en el crecimiento económico? - 8. La reforma monetaria internacional y los países menos desarrollados - |
| 590 ## - LOCAL NOTE (RLIN) | |
| Local note | niveau_biblio:m niveau_hierar:0 |
| 700 1# - ADDED ENTRY--PERSONAL NAME | |
| Personal name | Johnson, Harry G. |
| 700 1# - ADDED ENTRY--PERSONAL NAME | |
| Personal name | Mellibovsky, Graciela |
| 942 ## - ADDED ENTRY ELEMENTS (KOHA) | |
| Koha item type | |
| Withdrawn status | Lost status | Damaged status | Not for loan | Home library | Current library | Shelving location | Date acquired | Total checkouts | Full call number | Barcode | Date last seen | Price effective from | Koha item type |
|---|---|---|---|---|---|---|---|---|---|---|---|---|---|
| Biblioteca Prof. Eusebio Cleto del Rey | Biblioteca Prof. Eusebio Cleto del Rey | 07/04/2026 | 336.74 J65 | L13498 | 07/04/2026 | 07/04/2026 | Libro | ||||||
| Biblioteca Prof. Eusebio Cleto del Rey | Biblioteca Prof. Eusebio Cleto del Rey | 07/04/2026 | 336.74 J65 | L23799 | 07/04/2026 | 07/04/2026 | Libro | ||||||
| Biblioteca Prof. Eusebio Cleto del Rey | Biblioteca Prof. Eusebio Cleto del Rey | 07/04/2026 | 336.74 J65 | L26651 | 07/04/2026 | 07/04/2026 | Libro |